000 00451cam a22001097a 4500
008 180718b-- xxu||||| |||| 00| 0 eng d
082 _aI2701x54 In2
245 _aAllocation of business rules, 1961
_cby Department of Cabinet Affairs, Cabinet Secretariat
260 _aNew Delhi
_bDepartment of Cabinet Affairs, Cabinet Secretariat
_c--
500 _aLibrary has 1963, 1966
700 _aCabinet Secretariat. Department of Cabinet Affairs. Cabinet Secretariat
999 _c491113
_d491113